| 000 | 01511nam a2200253Ia 4500 | ||
|---|---|---|---|
| 003 | CO-CtgCURN | ||
| 005 | 20250410185547.0 | ||
| 008 | 190722s9999 xx 000 0 und d | ||
| 020 | _a9586162869 | ||
| 040 |
_aCO-CtgCURN _bspa _ccoctgcurn |
||
| 082 |
_a327.861 _bC378p |
||
| 100 |
_aCavelier Gaviria, German _d1922-2005 |
||
| 245 | 0 |
_aPolitica Internacional de Colombia : _b(1903-1953) / _cGerman Cavelier Gaviria |
|
| 260 |
_aBogotá, Colombia : _bUniversidad Externado de Colombia, _c1997 |
||
| 300 |
_a491 páginas ; _c23 centímetros |
||
| 504 | _aIncluye referencias bibliográficas | ||
| 505 | _aEstados Unidos y el caso de Panama -- Relaciones con Venezuela -- Negociaciones con Ecuador y Peru -- Tratado de limites de 1907 con Brasil -- Tratados Cortes-Root y Cortes-Arosemena con los Estados Unidos y Panama -- Colombia y la primera guerra mundial -- Arreglo final de la cuestion del canal con Estados Unidos y con Panama -- Nuevo arbitraje sobre fronteras con Venezuela -- El archipielago de San Andres y Providencia -- Tratados finales sobre fronteras con Ecuador, Peru y Brasil -- El conflicto de Leticia -- Tratado final de limites con Venezuela -- Las relaciones con la Santa sede. | ||
| 521 | _aAREA SOCIOHUMANISTICA | ||
| 590 | _aTodos los programas académicos | ||
| 651 |
_aColombia _xPolitica economica |
||
| 651 |
_aColombia _xRelaciones exteriores |
||
| 942 |
_cBK _h327.861 _iC378p _2ddc _n0 |
||
| 999 |
_c27900 _d27900 |
||